Wszystkie ulice na Kalinowej - Dańdówka - Sosnowiec - Statystyki

Ogólne statystyki
  • Ten quiz został rozwiązany 18 razy
    17 od ostatniego zresetowania
  • Średni wynik to 5 z 13
Statystyki odpowiedzi
Odpowiedź % Poprawnych
Kalinowa
86%
Romualda Traugutta
64%
Jodłowa
50%
Wojska Polskiego
50%
Wrzosowa
43%
Lisia Góra
29%
Niwecka
29%
Rzeszowska
29%
Dębowa
21%
Krynicka
21%
Wrocławska
21%
Bielska
14%
Św. Stanisława Biskupa
14%
Nie znaleziono quizów pasujących do podanych kryteriów
Rozkład punktacji
Procent ludzi z każdym wynikiem
Percentyl według liczby udzielonych odpowiedzi
Twoja historia wyników
Nie rozwiązałeś tego quizu od ostatniego zresetowania